| 000 | 00000nas##2200000za#4500 |
| 001 | 9.514068 |
| 003 | CaOODSP |
| 005 | 20210615082835 |
| 007 | ta |
| 008 | 150406c2008||||xxc|| p #||||f| |0fre|d |
| 040 | |aCaOODSP|bfre |
| 043 | |an-cn--- |
| 086 | 1 |aTU1-1F |
| 110 | 2 |aBureau de la sécurité des transports du Canada. |
| 245 | 10|aSommaire statistique des événements maritimes |
| 260 | |aOttawa - Ontario : |bBureau de la sécurité des transports du Canada |
| 310 | |aAnnuel |
| 362 | 1 |a[2008]- |
| 520 | 3 |aFournit un résumé de certaines statistiques sur les événements maritimes (accidents et incidents, ou situations pouvant causer des accidents ou des incidents) mettant en cause des navires de commerce. |
| 691 | 07|aAccident maritime|2gcpds |
| 691 | 07|aSécurité des transports|2gcpds |
| 775 | 08|tStatistical summary, marine occurrences |w(CaOODSP)9.515746 |
| 776 | 0#|tSommaire statistique des événements maritimes |w(CaOODSP)9.502191 |